| 000 | 00376nam a2200133Ia 4500 | ||
|---|---|---|---|
| 008 | 220217s9999||||xx |||||||||||||| ||und|| | ||
| 082 | _a621.385 1 | ||
| 100 |
_aAatre, Vasudev, K _97589 |
||
| 245 | 0 | _aNetwork theory and filter design | |
| 250 | _a2nd | ||
| 260 |
_aNew age international _bNew Delhi _c2010 |
||
| 300 |
_aXV,476p.;28cm _b195 |
||
| 650 | _aNETWORK ANALYSIS | ||
| 999 |
_c181273 _d181273 |
||